Online
Catalog

Ensayos sobre la descriminación / (Record no. 815)

MARC details
000 -CABECERA
campo de control de longitud fija 02732nam a2200457 i 4500
001 - NÚMERO DE CONTROL
campo de control 000000819
003 - IDENTIFICADOR DEL NÚMERO DE CONTROL
campo de control DO-SdBNP
005 - FECHA Y HORA DE LA ÚLTIMA TRANSACCIÓN
campo de control 20260312121332.0
007 - CAMPO FIJO DE DESCRIPCIÓN FÍSICA--INFORMACIÓN GENERAL
campo de control de longitud fija ta
008 - DATOS DE LONGITUD FIJA--INFORMACIÓN GENERAL
campo de control de longitud fija 090522s2001 dr 000 0 spa d
020 ## - NÚMERO INTERNACIONAL ESTÁNDAR DEL LIBRO
Número Internacional Estándar del Libro 9993442054
020 ## - NÚMERO INTERNACIONAL ESTÁNDAR DEL LIBRO
Número Internacional Estándar del Libro 9789993442059
040 ## - FUENTE DE LA CATALOGACIÓN
Centro catalogador/agencia de origen DO-SdBNP
Lengua de catalogación spa
Centro/agencia transcriptor BNPHU
Normas de descripción rda
041 ## - CÓDIGO DE LENGUA
Código de lengua del texto/banda sonora o título independiente spa
082 #4 - NÚMERO DE LA CLASIFICACIÓN DECIMAL DEWEY
Número de clasificación 305.8
Número de documento/Ítem E59s
Número de edición 22
245 00 - MENCIÓN DE TÍTULO
Título Ensayos sobre la descriminación /
Mención de responsabilidad, etc. Alain Touraine ...[et al] ; coordinador de ediciones y prólogo, Diógenes Céspedes ; edición, Andrés Blanco Díaz.
264 #4 - PRODUCCIÓN, PUBLICACIÓN, DISTRIBUCIÓN, FABRICACIÓN Y COPYRIGHT
Producción, publicación, distribución, fabricación y copyright Santo Domingo :
Nombre del de productor, editor, distribuidor, fabricante Ferilibro,
Fecha de producción, publicación, distribución, fabricación o copyright 2001.
300 ## - DESCRIPCIÓN FÍSICA
Extensión 162 páginas ;
Dimensiones 24 cm.
336 ## - TIPO DE CONTENIDO
Término de tipo de contenido texto
Código de tipo de contenido txt
Fuente rdacontent
337 ## - TIPO DE MEDIO
Nombre/término del tipo de medio sin mediación
Código del tipo de medio n
Fuente rdamedia
338 ## - TIPO DE SOPORTE
Nombre/término del tipo de soporte volumen
Código del tipo de soporte nc
Fuente rdacarrier
500 ## - NOTA GENERAL
Nota general Incluye referencias bibliográficas y notas al pie de las páginas.
505 0# - NOTA DE CONTENIDO CON FORMATO
Nota de contenido con formato Presentación -- Carlos Esteban Deive/ Presidente de la comisión permanente de la feria del libro -- Un prólogo necesario. Receta para no ser racista / Diógenes Céspedes. Director de ediciones de la comisión permanente de la feria del libro -- Iguales y diferentes / Alain Touraine -- Respetar la diversidad cultural: no a la discriminación / Luisiana Martínez -- Racismo, folklore e identidad en Dominicana / Dagoberto Tejeda Ortíz -- El escritor afrohispano y el proceso creativo / Blas R. Jiménez Abreu -- La descriminación contra las personas con discapacidad / Guillermo Díaz Bidó y Angel Darío Pujols -- Cómo enfrentar el futuro desde el feminismo / Lidia Falcón -- Aportes de las personas viejas al ámbito familiar y comunitario / Margot Tapia -- El preludio racial desde la religión / Marcos Villaman -- Identidad y racismo en la República Dominicana / Carlos Esteban Deive.
650 #0 - PUNTO DE ACCESO ADICIONAL DE MATERIA--TÉRMINO DE MATERIA
Término de materia o nombre geográfico como elemento de entrada Discriminación
Fuente del encabezamiento o término LIBRUNAM
9 (RLIN) 2856
650 #4 - PUNTO DE ACCESO ADICIONAL DE MATERIA--TÉRMINO DE MATERIA
Término de materia o nombre geográfico como elemento de entrada Discriminación racial
Subdivisión general Ensayos, conferencias, etc.
9 (RLIN) 2280
650 #4 - PUNTO DE ACCESO ADICIONAL DE MATERIA--TÉRMINO DE MATERIA
Término de materia o nombre geográfico como elemento de entrada Discriminación sexual
Subdivisión general Ensayos, conferencias, etc.
9 (RLIN) 2858
700 1# - PUNTO DE ACCESO ADICIONAL--NOMBRE DE PERSONA
Nombre de persona Touraine, Alain,
Término indicativo de función/relación autor
Código de función/relación aut.
9 (RLIN) 2859
700 1# - PUNTO DE ACCESO ADICIONAL--NOMBRE DE PERSONA
Nombre de persona Martínez, Lusitania,
Término indicativo de función/relación autor
Código de función/relación aut.
9 (RLIN) 2860
700 1# - PUNTO DE ACCESO ADICIONAL--NOMBRE DE PERSONA
Nombre de persona Tejeda Ortíz, Dagoberto,
Fechas asociadas al nombre 1940-
Término indicativo de función/relación autor
Código de función/relación aut.
9 (RLIN) 1575
700 1# - PUNTO DE ACCESO ADICIONAL--NOMBRE DE PERSONA
Nombre de persona Jiménez Abreu, Blas R.,
Término indicativo de función/relación autor
Código de función/relación aut.
9 (RLIN) 2861
700 1# - PUNTO DE ACCESO ADICIONAL--NOMBRE DE PERSONA
Nombre de persona Díaz Bidó, Guillermo,
Término indicativo de función/relación autor
Código de función/relación aut.
9 (RLIN) 2807
700 1# - PUNTO DE ACCESO ADICIONAL--NOMBRE DE PERSONA
Nombre de persona Pujols, Angel Darío,
Término indicativo de función/relación autor
Código de función/relación aut.
9 (RLIN) 2862
700 1# - PUNTO DE ACCESO ADICIONAL--NOMBRE DE PERSONA
Nombre de persona Falcón, Lidia,
Término indicativo de función/relación autor
Código de función/relación aut.
9 (RLIN) 2863
700 1# - PUNTO DE ACCESO ADICIONAL--NOMBRE DE PERSONA
Nombre de persona Tapia, Margot,
Término indicativo de función/relación autor
Código de función/relación aut.
9 (RLIN) 2864
700 1# - PUNTO DE ACCESO ADICIONAL--NOMBRE DE PERSONA
Nombre de persona Villaman, Marcos,
Término indicativo de función/relación autor
Código de función/relación aut.
9 (RLIN) 760
700 1# - PUNTO DE ACCESO ADICIONAL--NOMBRE DE PERSONA
Nombre de persona Deive, Carlos Esteban,
Fechas asociadas al nombre 1935-2019
Término indicativo de función/relación autor
Código de función/relación aut.
9 (RLIN) 1916
700 1# - PUNTO DE ACCESO ADICIONAL--NOMBRE DE PERSONA
Nombre de persona Blanco Díaz, Andrés,
Término indicativo de función/relación editor
Código de función/relación ed.
9 (RLIN) 172
700 1# - PUNTO DE ACCESO ADICIONAL--NOMBRE DE PERSONA
Nombre de persona Céspedes, Diógenes,
Fechas asociadas al nombre 1941-
Término indicativo de función/relación pról.
9 (RLIN) 20548
710 2# - PUNTO DE ACCESO ADICIONAL--NOMBRE DE ENTIDAD CORPORATIVA
Nombre de entidad corporativa o nombre de jurisdicción como elemento de entrada Comisión Permanente de la Feria del Libro (República Dominicana)
9 (RLIN) 1237
942 ## - ELEMENTOS DE PUNTO DE ACCESO ADICIONAL (KOHA)
Fuente del sistema de clasificación o colocación Dewey Decimal Classification
Tipo de ítem Koha Libro
Holdings
Estado de retiro Estado de pérdida Fuente del sistema de clasificación o colocación Restricciones de uso No para préstamo Código de colección Localización permanente Ubicación/localización actual Ubicación en estantería Fecha de adquisición Total de préstamos Signatura topográfica completa Código de barras Fecha visto por última vez Precio válido a partir de Tipo de ítem Koha
    Dewey Decimal Classification Excluido de préstamo   Patrimonio Dominicano Biblioteca Nacional Pedro Henríquez Ureña Biblioteca Nacional Pedro Henríquez Ureña Depósito 26.08.2009   BNPHU PD 305.8 E59s 819-20 25.06.2020 25.06.2020 Libro

Powered by Koha